000 00808nam a22002651 4500
001 34869
003 BD-RjUL
005 20211209052226.0
008 140519s1955 enkf 001 0 eng
035 _a(BD-RjUL)34963
035 _a(OCoLC)2572810
040 _aDLC
_cFTaSU
_dBD-RjUL
_beng
041 _aeng
082 0 4 _221
_a305.235
_bJOS 1955
100 1 _aJordan, George William
_9106139
245 1 0 _aSelf-portrait of youth :
_bor, The urban adolescent /
_cG.W. Jordan and E.M. Fisher. With a foreword by W.O. Lester Smith.
260 _aLondon :
_bHeinemann,
_c1955.
300 _axi, 176 p. :
_billus. ;
_c22 cm.
504 _aIncludes index.
650 0 _aYouth.
_9106140
700 1 _aFisher, E. M.
_ejoint author.
_9106141
942 _2ddc
_cBK
999 _c34869
_d34869